000 00217nam a22001097a 4500
041 _aeng
080 _a80
100 _aHellerstein, David
245 _aBattles of life and death.
650 _aFiction
999 _c279127
_d279127
942 _cBK